Band Members by Instrument - British Invasion Edition - Statistics

General Stats
  • This quiz has been taken 222 times
    215 since last reset
  • The average score is 17 of 47
Answer Stats
Band Instrument or Role Answer % Correct
The Beatles Vocals, Rhythm Guitar John Lennon
100%
The Beatles Vocals, Bass Paul McCartney
100%
The Beatles Drums Ringo Starr
99%
The Beatles Lead Guitar George Harrison
98%
The Rolling Stones Vocals Mick Jagger
97%
The Rolling Stones Lead Guitar Keith Richards
89%
The Who Vocals Roger Daltrey
82%
The Who Guitar Pete Townshend
78%
The Who Drums Keith Moon
77%
The Rolling Stones Drums Charlie Watts
74%
The Rolling Stones Rhythm Guitar Brian Jones
68%
The Dave Clark Five Drums Dave Clark
66%
The Yardbirds Lead Guitar Eric Clapton
66%
The Who Bass John Entwistle
63%
The Rolling Stones Bass Bill Wyman
57%
The Kinks Vocals, Rhythm Guitar Ray Davies
57%
The Kinks Lead Guitar Dave Davies
55%
The Animals Vocals Eric Burdon
54%
The Hollies Vocals Allan Clarke
51%
The Hollies Rhythm Guitar, Vocals Graham Nash
34%
Herman's Hermits Vocals Peter Noone
25%
The Zombies Keyboards Rod Argent
20%
The Kinks Drums Mick Avory
19%
The Yardbirds Bass Paul Samwell-Smith
19%
The Animals Bass Chas Chandler
18%
The Dave Clark Five Vocals, Keyboards Mike Smith
18%
The Animals Keyboards Alan Price
16%
The Kinks Bass Peter Quaife
15%
The Zombies Vocals Colin Blunstone
14%
The Yardbirds Vocals Keith Relf
14%
The Zombies Bass Chris White
9%
The Hollies Lead Guitar Tony Hicks
9%
The Hollies Drums Bobby Elliott
7%
The Animals Guitar Hilton Valentine
7%
Herman's Hermits Bass Karl Green
7%
The Yardbirds Rhythm Guitar Chris Dreja
5%
The Dave Clark Five Lead Guitar Lenny Davidson
5%
The Yardbirds Drums Jim McCarty
4%
The Animals Drums John Steel
4%
The Dave Clark Five Saxophone Denis Payton
3%
Herman's Hermits Lead Guitar Derek Leckenby
3%
The Zombies Guitar Paul Atkinson
3%
The Dave Clark Five Bass Rick Huxley
3%
The Hollies Bass Eric Haydock
2%
The Zombies Drums Hugh Grundy
2%
Herman's Hermits Drums Barry Whitwam
1%
Herman's Hermits Rhythm Guitar Keith Hopwood
1%
No matching quizzes found
Score Distribution
Percent of People with Each Score
Percentile by Number Answered
Your Score History
You have not taken this quiz since the last reset